[Event "1. OEsterreichische Internet Schach Meisterschaft - Vorrunde 2"]
[Site "Online - Playchess.com"]
[Date ""]
[Round "6"]
[Board "66"]
[White "Enne, Harald"]
[Black "Kondrak, Christoph"]
[Result "0-1"]
[WhiteElo "1916"]
[BlackElo "2033"]
[PlyCount "78"]
[EventDate "2020.04.13"]
[EventRounds "9"]
[EventCountry "AUT"]

1. d4 d5 2. c4 e6 3. Nc3 Nf6 4. Bg5 Be7 5. e3 dxc4 6. Bxc4 O-O 7. Nf3 a6 8. O-O b5
9. Bd3 Bb7 10. a3 Nbd7 11. Qe2 c5 12. Rfd1 c4 13. Bc2 Nd5 14. Bxe7 Qxe7 15. e4 Nf4
16. Qe3 Ng6 17. Rd2 Rfe8 18. Rad1 Nf6 19. h3 h6 20. Ne5 Nxe5 21. dxe5 Nh5 22. Rd7
Qh4 23. Rxb7 Nf4 24. g3 Nxh3+ 25. Kg2 Qg4 26. f3 Qh5 27. Rh1 Qg5 28. f4 Qd8 29. Rxh3
Qc8 30. Qb6 Rd8 31. Kf3 Rd2 32. Bd1 Rxb2 33. Rc7 Qd8 34. Qd6 Qe8 35. Rd7 Rb3 36.
Kg2 Rxc3 37. Re7 Qf8 38. Qd7 Rd3 39. Qc7 Rad8  0-1

[Event "1. OEsterreichische Internet Schach Meisterschaft - Vorrunde 2"]
[Site "Online - Playchess.com"]
[Date ""]
[Round "6"]
[Board "67"]
[White "Horvath, Maria"]
[Black "Janes, Christian"]
[Result "0-1"]
[WhiteElo "1995"]
[BlackElo "1740"]
[PlyCount "58"]
[EventDate "2020.04.13"]
[EventRounds "9"]
[EventCountry "AUT"]

1. d4 d5 2. Nf3 Nf6 3. e3 e6 4. Bd3 Bd6 5. b3 O-O 6. Bb2 a6 7. O-O b6 8. Ne5 c5 9.
Nd2 cxd4 10. exd4 Bxe5 11. dxe5 Ne4 12. Nxe4 dxe4 13. Bxe4 Ra7 14. Qh5 g6 15. Qh6
Bb7 16. Rad1 Qc7 17. Rfe1 Bxe4 18. Rxe4 Qxc2 19. Rde1 Qxb2 20. Rh4 f5 21. exf6 Qxf6
22. f4 e5 23. Rxe5 Raf7 24. g3 b5 25. Rg4 Nc6 26. Rc5 Qd4+ 27. Kg2 Qxc5 28. Qg5 Qxg5
29. Rxg5 Rf5  0-1

[Event "1. OEsterreichische Internet Schach Meisterschaft - Vorrunde 2"]
[Site "Online - Playchess.com"]
[Date ""]
[Round "6"]
[Board "68"]
[White "Kubik, Gerhard"]
[Black "Buchegger, Fridolin"]
[Result "0-1"]
[WhiteElo "1985"]
[BlackElo "1827"]
[PlyCount "116"]
[EventDate "2020.04.13"]
[EventRounds "9"]
[EventCountry "AUT"]

1. d4 Nf6 2. Nc3 d6 3. e4 g6 4. Bg5 Bg7 5. Qd2 O-O 6. Be2 e5 7. dxe5 dxe5 8. O-O-O
Qxd2+ 9. Rxd2 c6 10. Nf3 Nbd7 11. Rhd1 Re8 12. Bxf6 Bxf6 13. Rxd7 Bxd7 14. Rxd7 Re7
15. Rxe7 Bxe7 16. Nxe5 Bd6 17. Nf3 Bf4+ 18. Kb1 Rd8 19. a3 f6 20. Bd3 Kg7 21. b4
Bc7 22. Nd2 Bxh2 23. Ne2 Bc7 24. Kb2 Bb6 25. f3 Be3 26. Nc4 Bf2 27. Na5 Rd7 28. a4
Be1 29. Kb3 c5 30. Nc4 cxb4 31. Nc1 a6 32. Na2 Rc7 33. Nxb4 b5 34. axb5 axb5 35.
Ne3 Rc3+ 36. Kb2 Rc5 37. Nbd5 b4 38. Nc4 f5 39. Kb3 fxe4 40. fxe4 h5 41. Nxb4 Bxb4
42. Kxb4 Rg5 43. Bf1 Rg4 44. e5 Kf7 45. Kc5 Ke6 46. Ne3 Re4 47. Nc4 Rf4 48. Bd3 g5
49. Bg6 h4 50. Bh5 Rf2 51. Bg4+ Ke7 52. e6 Rxg2 53. Bh3 Rxc2 54. Kd5 Rc3 55. Ne5
Rxh3 56. Ng6+ Ke8 57. e7 Re3 58. Kd4 Rxe7  0-1

[Event "1. OEsterreichische Internet Schach Meisterschaft - Vorrunde 2"]
[Site "Online - Playchess.com"]
[Date ""]
[Round "6"]
[Board "69"]
[White "Filek, Mattias"]
[Black "Miazhynski, Alexander"]
[Result "1-0"]
[WhiteElo "1932"]
[BlackElo "1535"]
[PlyCount "71"]
[EventDate "2020.04.13"]
[EventRounds "9"]
[EventCountry "AUT"]

1. e4 c5 2. Nf3 e5 3. Bc4 d6 4. O-O Nf6 5. d3 Be7 6. Nc3 O-O 7. h3 a6 8. a4 Nc6 9.
Be3 Be6 10. Nd5 Nd4 11. Nxd4 cxd4 12. Bd2 Nxd5 13. exd5 Bf5 14. f4 Rc8 15. fxe5 dxe5
16. Rxf5 e4 17. Qg4 e3 18. Be1 g6 19. Rf3 h5 20. Qxd4 Bc5 21. Qf4 Bd6 22. Qh6 Qe7
23. Bc3 Be5 24. d6 Qxd6 25. Bxe5 Qxe5 26. Qxg6+ Qg7 27. Qxg7+ Kxg7 28. Rxe3 f5 29.
Re7+ Kf6 30. Rxb7 f4 31. Rf1 f3 32. Rxf3+ Kg5 33. Rg7+ Kh6 34. Rxf8 Rxf8 35. Rf7
Re8 36. Kf2  1-0

[Event "1. OEsterreichische Internet Schach Meisterschaft - Vorrunde 2"]
[Site "Online - Playchess.com"]
[Date ""]
[Round "6"]
[Board "70"]
[White "Koglbauer, Uwe"]
[Black "Kwech, Andreas"]
[Result "1-0"]
[WhiteElo "1666"]
[BlackElo "1901"]
[PlyCount "63"]
[EventDate "2020.04.13"]
[EventRounds "9"]
[EventCountry "AUT"]

1. e4 c5 2. Nc3 d6 3. f4 g6 4. Nf3 Bg7 5. Bc4 Nf6 6. O-O Nc6 7. d3 O-O 8. Be3 Bg4
9. h3 Bxf3 10. Qxf3 e6 11. g4 Nd7 12. Qg2 Kh8 13. a3 Nb6 14. Ba2 Nd4 15. Kh1 f5 16.
exf5 exf5 17. g5 Qd7 18. Nd5 Rae8 19. Rae1 Nxd5 20. Bxd5 Nc6 21. c3 Nd8 22. Bd2 Rxe1
23. Rxe1 b6 24. Qe2 Nc6 25. Qf3 Ne7 26. b4 Nxd5 27. Qxd5 Rd8 28. c4 Bf8 29. Kg2 Re8
30. Kf3 Rxe1 31. Bxe1 Qe7 32. Bc3+  1-0

[Event "1. OEsterreichische Internet Schach Meisterschaft - Vorrunde 2"]
[Site "Online - Playchess.com"]
[Date ""]
[Round "6"]
[Board "71"]
[White "Maderner, Arnulf"]
[Black "Erlacher, Herbert"]
[Result "0-1"]
[WhiteElo "1687"]
[BlackElo "1842"]
[PlyCount "142"]
[EventDate "2020.04.13"]
[EventRounds "9"]
[EventCountry "AUT"]

1. e4 c6 2. d4 d5 3. Nc3 dxe4 4. Nxe4 Nd7 5. Nf3 Ndf6 6. Ng3 Bg4 7. Be2 e6 8. O-O
Bd6 9. c3 Ne7 10. Qd3 Ned5 11. Ne4 Nxe4 12. Qxe4 Bf5 13. Qh4 Be7 14. Qg3 Bd6 15.
Qxg7 Qf6 16. Qxf6 Nxf6 17. Bg5 Ne4 18. Be3 Rg8 19. g3 O-O-O 20. Nh4 Bh3 21. Rfd1
f5 22. Bf1 Bxf1 23. Rxf1 f4 24. Bd2 Nxd2 25. Rfd1 Ne4 26. Nf3 fxg3 27. hxg3 Rdf8
28. Kg2 Ng5 29. Nxg5 Rxg5 30. Rh1 Rf7 31. Rh6 Kd7 32. Rah1 Rgf5 33. f4 c5 34. Rxh7
cxd4 35. cxd4 Kc6 36. Rxf7 Rxf7 37. Rd1 Kd5 38. a3 Rg7 39. Kf3 b6 40. Re1 a5 41.
Re4 b5 42. g4 b4 43. axb4 axb4 44. b3 Rf7 45. Ke3 Bc7 46. g5 Rg7 47. Kf3 Bd6 48.
Ke3 Rf7 49. Kf3 Rh7 50. g6 Rg7 51. f5 exf5 52. Re8 Rxg6 53. Rd8 Rg3+ 54. Kf2 Rxb3
55. Ke2 f4 56. Kf2 Rb2+ 57. Kf3 b3 58. Rc8 Rc2 59. Ra8 b2 60. Ra5+ Kxd4 61. Ra4+
Rc4 62. Rxc4+ Kxc4 63. Ke2 b1=Q 64. Kf3 Qd3+ 65. Kg4 Qg3+ 66. Kf5 Kd4 67. Kf6 Kd5
68. Kf7 Qg5 69. Ke8 Qg7 70. Kd8 Qe7+ 71. Kc8 Qc7#  0-1

[Event "1. OEsterreichische Internet Schach Meisterschaft - Vorrunde 2"]
[Site "Online - Playchess.com"]
[Date ""]
[Round "6"]
[Board "72"]
[White "Schwarz, Benedikt"]
[Black "Rampler, Evelyn"]
[Result "1-0"]
[WhiteElo "1815"]
[BlackElo "1806"]
[PlyCount "39"]
[EventDate "2020.04.13"]
[EventRounds "9"]
[EventCountry "AUT"]

1. d4 d5 2. Bf4 Nf6 3. e3 e6 4. Nf3 Nbd7 5. c3 Be7 6. Nbd2 O-O 7. Ne5 Nxe5 8. dxe5
Nd7 9. Bd3 Nc5 10. Bc2 b6 11. h4 Ba6 12. Bxh7+ Kxh7 13. Qh5+ Kg8 14. Nf3 Nd3+ 15.
Kd2 Nxf4 16. exf4 Qd7 17. Ng5 Bxg5 18. hxg5 f5 19. g6 Rfd8 20. Qh8#  1-0

[Event "1. OEsterreichische Internet Schach Meisterschaft - Vorrunde 2"]
[Site "Online - Playchess.com"]
[Date ""]
[Round "6"]
[Board "73"]
[White "Moerwald, Magdalena"]
[Black "Hoelzl, Bernhard"]
[Result "0-1"]
[WhiteElo "1791"]
[BlackElo "1392"]
[PlyCount "102"]
[EventDate "2020.04.13"]
[EventRounds "9"]
[EventCountry "AUT"]

1. e4 e6 2. d4 d5 3. Bd3 Nf6 4. e5 Nfd7 5. c3 Be7 6. Ne2 c5 7. O-O Nc6 8. Be3 cxd4
9. cxd4 Qb6 10. f4 O-O 11. Nbc3 f6 12. Ng3 fxe5 13. dxe5 Qc7 14. f5 Ndxe5 15. fxe6
Bxe6 16. Bc2 Kh8 17. Nxd5 Bxd5 18. Qxd5 Rad8 19. Rxf8+ Rxf8 20. Qe4 Ng6 21. Nf5 Bf6
22. Bc5 Rd8 23. Nd6 Nce5 24. Nxb7 Rb8 25. Bd6 Qb6+ 26. Nc5 Qxd6 27. Nb3 Qb6+ 28.
Kh1 Rc8 29. Qf5 Qc6 30. Be4 Qd7 31. Qf3 Nxf3 32. Bxf3 Ne5 33. Be4 Rd8 34. Rf1 Qb5
35. Re1 a5 36. Bc2 a4 37. Nc1 Qxb2 38. Bxa4 Qd2 39. Rg1 Rc8 40. Nb3 Ng4 41. h3 Nf2+
42. Kh2 Qf4+ 43. g3 Qxa4 44. Re1 Qxa2 45. Kg1 Qxb3 46. Kxf2 Qc2+ 47. Kg1 Rd8 48.
Kh1 Rd1 49. Rg1 Rxg1+ 50. Kxg1 Bd4+ 51. Kf1 Qf2#  0-1

[Event "1. OEsterreichische Internet Schach Meisterschaft - Vorrunde 2"]
[Site "Online - Playchess.com"]
[Date ""]
[Round "6"]
[Board "74"]
[White "Kipman, Felix"]
[Black "Kessler, Manuel"]
[Result "0-1"]
[WhiteElo "1576"]
[BlackElo "1731"]
[PlyCount "40"]
[EventDate "2020.04.13"]
[EventRounds "9"]
[EventCountry "AUT"]

1. e4 c5 2. Nc3 e6 3. f4 Nc6 4. Nf3 d5 5. Bb5 d4 6. Bxc6+ bxc6 7. Na4 Nf6 8. d3 Qa5+
9. Bd2 Qxa4 10. Ne5 Be7 11. O-O O-O 12. Rf3 Rb8 13. b3 Qa6 14. Rg3 Nd7 15. Qg4 g6
16. Nxd7 Bxd7 17. f5 exf5 18. exf5 Bd6 19. Rf3 Rfe8 20. f6 Bxg4  0-1

[Event "1. OEsterreichische Internet Schach Meisterschaft - Vorrunde 2"]
[Site "Online - Playchess.com"]
[Date ""]
[Round "6"]
[Board "75"]
[White "Mittelbach, Eduard"]
[Black "Schroettner, Tobias Julian"]
[Result "0-1"]
[WhiteElo "1667"]
[BlackElo "1503"]
[PlyCount "70"]
[EventDate "2020.04.13"]
[EventRounds "9"]
[EventCountry "AUT"]

1. e4 c6 2. Nc3 d5 3. d4 dxe4 4. Nxe4 Bf5 5. Ng3 Bg6 6. Nf3 Nd7 7. Bd3 Bxd3 8. Qxd3
Ngf6 9. Bd2 e6 10. a3 Bd6 11. Bb4 Bxb4+ 12. axb4 Qc7 13. O-O Nd5 14. Qd2 N7f6 15.
c4 Ne7 16. Rfe1 O-O 17. Ra3 a6 18. Rae3 Rad8 19. Ne5 Ng6 20. Nxg6 hxg6 21. Ne2 Rfe8
22. Qc3 Ng4 23. Rg3 Nh6 24. h4 Nf5 25. Rg4 Nh6 26. Rg3 Nf5 27. Rg4 Qe7 28. Ng3 Nxh4
29. d5 cxd5 30. cxd5 Rxd5 31. Qc4 Nf5 32. Nxf5 Rxf5 33. Rg3 Qf6 34. Qg4 Rxf2 35.
Kh1 Rf4  0-1

[Event "1. OEsterreichische Internet Schach Meisterschaft - Vorrunde 2"]
[Site "Online - Playchess.com"]
[Date ""]
[Round "6"]
[Board "76"]
[White "Tischler, Michel"]
[Black "Gugler, Giorgio"]
[Result "0-1"]
[WhiteElo "1517"]
[BlackElo "1405"]
[PlyCount "82"]
[EventDate "2020.04.13"]
[EventRounds "9"]
[EventCountry "AUT"]

1. d4 d5 2. c4 c6 3. Nc3 Nf6 4. Bg5 h6 5. Bh4 e6 6. e3 Be7 7. Nf3 O-O 8. Rc1 Ne4
9. Bxe7 Qxe7 10. cxd5 exd5 11. Bd3 f5 12. Ne5 Qf6 13. Qb3 Nd7 14. Nxd7 Bxd7 15. Qxb7
Qh4 16. Bxe4 fxe4 17. O-O Rad8 18. Qxa7 Qg4 19. a4 Rf7 20. Qc7 Rdf8 21. Qg3 Qh5 22.
a5 Bg4 23. b4 Rf3 24. Qe5 R8f5 25. Qe6+ Kh7 26. a6 Rg5 27. Qe7 Bh3 28. g3 Bxf1 29.
Rxf1 Qh3 30. a7 Rh5 31. Qh4 Rxh4 32. gxh4 Qg4+ 33. Kh1 Qxh4 34. a8=Q Rxf2 35. Rxf2
Qxf2 36. Ne2 Qxe2 37. Kg1 Qxe3+ 38. Kg2 Qf3+ 39. Kg1 e3 40. Qxc6 Qf2+ 41. Kh1 Qf1#
 0-1

[Event "1. OEsterreichische Internet Schach Meisterschaft - Vorrunde 2"]
[Site "Online - Playchess.com"]
[Date ""]
[Round "6"]
[Board "77"]
[White "Missethan, Michael"]
[Black "Steininger, Barbara"]
[Result "1-0"]
[WhiteElo "2015"]
[BlackElo "1622"]
[PlyCount "61"]
[EventDate "2020.04.13"]
[EventRounds "9"]
[EventCountry "AUT"]

1. e4 c5 2. Nf3 e6 3. d3 Nc6 4. g3 d6 5. Bg2 Nf6 6. O-O Be7 7. Bg5 O-O 8. Re1 Qa5
9. Nbd2 Qc7 10. c3 b6 11. d4 Bb7 12. Rc1 Rac8 13. Nc4 d5 14. exd5 exd5 15. Nce5 Nxe5
16. Nxe5 Rfe8 17. Qf3 Bd6 18. Bxf6 gxf6 19. Qxf6 Bxe5 20. dxe5 Qc6 21. Qxc6 Bxc6
22. Rcd1 Rcd8 23. f4 Kg7 24. Rd2 Rd7 25. Red1 Red8 26. Kf2 Kg6 27. Bh3 Re7 28. g4
Bb5 29. Rxd5 Rxd5 30. Rxd5 Bc6 31. Rd6+  1-0

[Event "1. OEsterreichische Internet Schach Meisterschaft - Vorrunde 2"]
[Site "Online - Playchess.com"]
[Date ""]
[Round "6"]
[Board "78"]
[White "Moerwald, Miriam"]
[Black "Wimmer, Norbert"]
[Result "0-1"]
[WhiteElo "1760"]
[BlackElo "1973"]
[PlyCount "144"]
[EventDate "2020.04.13"]
[EventRounds "9"]
[EventCountry "AUT"]

1. e4 d5 2. exd5 Qxd5 3. Nc3 Qd6 4. d4 Nf6 5. Nf3 Bg4 6. Be2 Nc6 7. O-O a6 8. d5
Nb4 9. h4 Nbxd5 10. Nxd5 Qxd5 11. Qxd5 Nxd5 12. Rd1 e6 13. c4 Nf6 14. Bg5 Be7 15.
Rd4 h6 16. Bf4 c6 17. Rad1 O-O 18. b3 Rfd8 19. Bc7 Rxd4 20. Nxd4 Bxe2 21. Nxe2 Rc8
22. Bb6 Kf8 23. Nc3 Ke8 24. f3 Nd7 25. Bd4 e5 26. Be3 Bxh4 27. Ne4 Be7 28. Kf2 f5
29. Nd6+ Bxd6 30. Rxd6 Ke7 31. Rd2 f4 32. Ba7 Ra8 33. Bc5+ Nxc5 34. b4 Ne6 35. c5
Rd8 36. Rc2 Rd4 37. a3 Kf6 38. g3 g5 39. g4 Rd3 40. a4 Rd4 41. Rb2 e4 42. fxe4 Rxe4
43. Kf3 Rc4 44. b5 axb5 45. axb5 Rxc5 46. bxc6 bxc6 47. Rb8 Rc3+ 48. Kf2 Ke5 49.
Re8 c5 50. Rh8 c4 51. Rxh6 Rg3 52. Rh1 Rxg4 53. Kf3 Rg3+ 54. Kf2 c3 55. Re1+ Kd5
56. Rd1+ Nd4 57. Rc1 Kc4 58. Ra1 c2 59. Rc1 Kd3 60. Ra1 Nb3 61. Ra3 c1=Q 62. Rxb3+
Kc4 63. Rxg3 fxg3+ 64. Kxg3 Qf4+ 65. Kg2 g4 66. Kg1 Kd3 67. Kg2 g3 68. Kh3 g2 69.
Kxg2 Ke2 70. Kh3 Qg5 71. Kh2 Kf2 72. Kh3 Qg3#  0-1

[Event "1. OEsterreichische Internet Schach Meisterschaft - Vorrunde 2"]
[Site "Online - Playchess.com"]
[Date ""]
[Round "6"]
[Board "79"]
[White "Maister, Dieter"]
[Black "Schroettner, Martin"]
[Result "1-0"]
[WhiteElo "1851"]
[BlackElo "1934"]
[PlyCount "87"]
[EventDate "2020.04.13"]
[EventRounds "9"]
[EventCountry "AUT"]

1. e4 c6 2. Nf3 d5 3. exd5 cxd5 4. d4 Nc6 5. h3 Nf6 6. Bd3 a6 7. c3 e6 8. O-O Be7
9. Re1 Bd7 10. Nbd2 h6 11. Nf1 Rb8 12. Bf4 Rc8 13. Qd2 Nh5 14. Bh2 b5 15. a3 Na5
16. Rad1 Nc4 17. Qe2 Nf6 18. Ne5 O-O 19. Bb1 a5 20. Qc2 b4 21. Ng4 g6 22. Nxh6+ Kg7
23. Ng4 bxc3 24. bxc3 Nxa3 25. Qd2 Rh8 26. Be5 Ba4 27. Rc1 Nc4 28. Qf4 Nxe5 29. Nxe5
Ba3 30. Ng3 Bxc1 31. Rxc1 Be8 32. Bd3 Nh5 33. Qf3 Nxg3 34. fxg3 Qf6 35. Qe3 Qe7 36.
Ra1 Rxc3 37. Rxa5 Ra3 38. Rxa3 Qxa3 39. Qf2 Qa7 40. Kh2 Rf8 41. Qf4 f6 42. Ng4 Qe7
43. Qh6+ Kf7 44. Qh7#  1-0

[Event "1. OEsterreichische Internet Schach Meisterschaft - Vorrunde 2"]
[Site "Online - Playchess.com"]
[Date ""]
[Round "6"]
[Board "80"]
[White "Redhammer, Markus"]
[Black "Wilplinger, Hugo"]
[Result "0-1"]
[WhiteElo "1899"]
[BlackElo "1629"]
[PlyCount "228"]
[EventDate "2020.04.13"]
[EventRounds "9"]
[EventCountry "AUT"]

1. e4 d5 2. exd5 Qxd5 3. Nc3 Qa5 4. Bc4 Nf6 5. d3 Nc6 6. Bd2 Bg4 7. f3 Bh5 8. Nd5
Qc5 9. Nxc7+ Kd7 10. Nxa8 e6 11. Qe2 Bd6 12. Be3 Qb4+ 13. c3 Qa5 14. Qc2 Rxa8 15.
Ne2 Ne5 16. Bb3 Rc8 17. d4 Nc4 18. Bxc4 Rxc4 19. Bf4 Bxf4 20. Nxf4 Bg6 21. Nxg6 hxg6
22. O-O Qh5 23. Qe4 Nxe4 24. fxe4 f5 25. exf5 gxf5 26. Rae1 Rc6 27. Re5 g5 28. Rfe1
Qh4 29. R5e2 g4 30. g3 Qg5 31. Re3 Rb6 32. R3e2 a5 33. Kg2 Rc6 34. Re5 b6 35. a3
Rd6 36. R1e2 Qg6 37. Re1 Qf7 38. Rf1 Rd5 39. Re2 Qf8 40. Rf4 b5 41. Rf1 b4 42. axb4
axb4 43. Rfe1 Rd6 44. Rf1 Qb8 45. Rfe1 bxc3 46. bxc3 Qb3 47. Re3 Qd5+ 48. Kg1 Rc6
49. Rc1 Qa5 50. Rc2 Qa4 51. Rc1 Qa3 52. Rc2 Qd6 53. Rce2 Qd5 54. Re1 Qa5 55. Rc1
Qa3 56. Rc2 Qa1+ 57. Kg2 Qd1 58. Rce2 Rd6 59. Re1 Qa4 60. Kg1 Rc6 61. Rc1 Qc4 62.
Rc2 Qxd4 63. cxd4 Rxc2 64. Rd3 Kd6 65. Rd1 Kd5 66. Rd3 Rc4 67. Rd1 Rxd4 68. Re1 e5
69. Rf1 Ke6 70. Kg2 Rd2+ 71. Rf2 Rxf2+ 72. Kxf2 e4 73. Ke3 Ke5 74. Ke2 Kd4 75. Kd2
e3+ 76. Ke2 Ke4 77. Ke1 Kf3 78. Kf1 e2+ 79. Ke1 Kg2 80. Kxe2 Kxh2 81. Kf2 Kh3 82.
Kg1 Kxg3 83. Kf1 Kf3 84. Kg1 g3 85. Kf1 f4 86. Kg1 Ke3 87. Kg2 Ke4 88. Kg1 Kf3 89.
Kf1 Kg4 90. Kg1 f3 91. Kf1 Kh3 92. Kg1 g2 93. Kf2 Kh2 94. Kxf3 g1=R 95. Ke3 Rf1 96.
Ke2 Rf8 97. Ke3 Kg3 98. Ke4 Rf7 99. Ke5 Kg4 100. Ke6 Rf1 101. Ke5 Rf2 102. Ke6 Kg5
103. Ke5 Re2+ 104. Kd4 Kf5 105. Kd3 Re8 106. Kd4 Re7 107. Kd3 Kf4 108. Kd4 Rd7+ 109.
Kc5 Ke4 110. Kc6 Rd1 111. Kc5 Rd2 112. Kc4 Rc2+ 113. Kb3 Rc8 114. Kb4 Kd5  0-1

[Event "1. OEsterreichische Internet Schach Meisterschaft - Vorrunde 2"]
[Site "Online - Playchess.com"]
[Date ""]
[Round "6"]
[Board "81"]
[White "Messner, Andreas"]
[Black "Pilshofer, Paul"]
[Result "0-1"]
[WhiteElo "1856"]
[BlackElo "1715"]
[PlyCount "100"]
[EventDate "2020.04.13"]
[EventRounds "9"]
[EventCountry "AUT"]

1. Nf3 d5 2. c4 c6 3. e3 Nf6 4. Nc3 g6 5. b3 Bg7 6. Bb2 O-O 7. Rc1 Ne4 8. d3 Nf6
9. d4 Nbd7 10. Bd3 b6 11. Ne5 Bb7 12. cxd5 Nxe5 13. dxe5 Nxd5 14. Nxd5 cxd5 15. f4
a6 16. O-O e6 17. Ba3 Re8 18. Bd6 Rc8 19. Qe2 b5 20. a4 bxa4 21. bxa4 Qa5 22. Ra1
Rc3 23. Rfb1 Ba8 24. Bb4 Qc7 25. Bxc3 Qxc3 26. Bxa6 d4 27. Bb5 Rc8 28. Rc1 Qxc1+
29. Rxc1 Rxc1+ 30. Kf2 Be4 31. Bd3 Bxd3 32. Qxd3 dxe3+ 33. Kxe3 h5 34. a5 Ra1 35.
a6 Bf8 36. Ke2 Ra2+ 37. Kf3 Kg7 38. h3 Bc5 39. Qc4 Ra3+ 40. Ke4 Bg1 41. Qd3 Rxd3
42. Kxd3 Ba7 43. Kc4 f6 44. Kb5 fxe5 45. fxe5 g5 46. Kc6 Kg6 47. Kb7 Bg1 48. a7 Bxa7
49. Kxa7 Kf5 50. Kb7 Kxe5  0-1

[Event "1. OEsterreichische Internet Schach Meisterschaft - Vorrunde 2"]
[Site "Online - Playchess.com"]
[Date ""]
[Round "6"]
[Board "82"]
[White "Fugger, Christian"]
[Black "Galler, Alexander"]
[Result "1/2-1/2"]
[WhiteElo "1818"]
[BlackElo "1772"]
[PlyCount "76"]
[EventDate "2020.04.13"]
[EventRounds "9"]
[EventCountry "AUT"]

1. d4 d5 2. c4 e6 3. Nc3 Nf6 4. Bg5 Be7 5. e3 O-O 6. Nf3 b6 7. cxd5 exd5 8. Rc1 Bb7
9. Bd3 Ne4 10. Bxe7 Qxe7 11. O-O c5 12. Qc2 f5 13. Ne5 Nd7 14. f4 Nxe5 15. fxe5 Rac8
16. Qe2 c4 17. Bxe4 fxe4 18. Qg4 a6 19. Ne2 Rxf1+ 20. Rxf1 Rf8 21. Nf4 Bc8 22. Qg3
Be6 23. Nxe6 Qxe6 24. Rxf8+ Kxf8 25. Qf4+ Qf7 26. g3 Qxf4 27. gxf4 g6 28. Kg2 b5
29. Kf2 a5 30. Ke2 b4 31. Kd2 Ke7 32. a3 Kd7 33. axb4 axb4 34. h4 h5 35. Kc2 Kc6
36. Kd2 Kd7 37. Kc2 Kc6 38. Kd2 Kd7  1/2-1/2

[Event "1. OEsterreichische Internet Schach Meisterschaft - Vorrunde 2"]
[Site "Online - Playchess.com"]
[Date ""]
[Round "6"]
[Board "83"]
[White "Ussar, Reinhard"]
[Black "Haemmerle, Dietmar"]
[Result "0-1"]
[WhiteElo "1676"]
[BlackElo "1762"]
[PlyCount "60"]
[EventDate "2020.04.13"]
[EventRounds "9"]
[EventCountry "AUT"]

1. e4 e6 2. d4 d5 3. exd5 exd5 4. Bd3 Nf6 5. Nf3 g6 6. O-O Bg7 7. Re1+ Be6 8. Ng5
Qd7 9. Qe2 Ne4 10. Bxe4 dxe4 11. Qxe4 O-O 12. Qh4 h5 13. Nxe6 fxe6 14. Bg5 Bxd4 15.
Qe4 Bxf2+ 16. Kh1 Bxe1 17. Qxg6+ Qg7 18. Qxe6+ Kh7 19. Qe4+ Qg6 20. Qe7+ Rf7 21.
Qxe1 Qxg5 22. Nc3 Nc6 23. Ne4 Qf5 24. g4 Qf3+ 25. Kg1 Qxg4+ 26. Ng3 h4 27. h3 Qd4+
28. Kg2 hxg3 29. Rd1 Qf2+ 30. Qxf2 gxf2  0-1

[Event "1. OEsterreichische Internet Schach Meisterschaft - Vorrunde 2"]
[Site "Online - Playchess.com"]
[Date ""]
[Round "6"]
[Board "85"]
[White "Andreatta, Ralph"]
[Black "Soelkner, Julian"]
[Result "1-0"]
[WhiteElo "1623"]
[BlackElo "1484"]
[PlyCount "59"]
[EventDate "2020.04.13"]
[EventRounds "9"]
[EventCountry "AUT"]

1. d4 d5 2. c4 Nf6 3. e3 e6 4. Nf3 Be7 5. Nc3 b6 6. Bd3 Bb7 7. cxd5 Nxd5 8. Nxd5
Bxd5 9. e4 Bb7 10. Bf4 Nc6 11. Be3 O-O 12. O-O Bf6 13. e5 Be7 14. Bc2 Qd7 15. Rc1
Rfd8 16. Qd3 g6 17. Rfd1 Nb4 18. Qb3 Nxc2 19. Rxc2 Bxf3 20. gxf3 Rac8 21. Kh1 c5
22. Rcd2 Qc6 23. Bh6 cxd4 24. Rxd4 Rxd4 25. Rxd4 Qc1+ 26. Bxc1 Rxc1+ 27. Kg2 Rc8
28. Rd7 Bf8 29. Rxa7 Rb8 30. Qb5  1-0

[Event "1. OEsterreichische Internet Schach Meisterschaft - Vorrunde 2"]
[Site "Online - Playchess.com"]
[Date ""]
[Round "6"]
[Board "86"]
[White "Hadler, Johann"]
[Black "Lammer, Michael"]
[Result "1-0"]
[WhiteElo "1996"]
[BlackElo "1499"]
[PlyCount "67"]
[EventDate "2020.04.13"]
[EventRounds "9"]
[EventCountry "AUT"]

1. d4 d5 2. Nf3 e6 3. Bf4 g6 4. e3 Bg7 5. Bd3 Nf6 6. Nbd2 O-O 7. c3 Nc6 8. Qc2 a5
9. h4 a4 10. Bg5 a3 11. b3 Qd7 12. Bxf6 Bxf6 13. h5 g5 14. Bxh7+ Kh8 15. Bd3 e5 16.
dxe5 Nxe5 17. Nxe5 Bxe5 18. Nf3 Bf6 19. h6 Qg4 20. O-O-O Qxf3 21. gxf3 c5 22. Rdg1
c4 23. bxc4 dxc4 24. Bxc4 Bd7 25. f4 Rac8 26. Qb3 b5 27. fxg5 Be5 28. Qxa3 bxc4 29.
Qe7 Bxc3 30. Qxd7 Rcd8 31. Qf5 Bd2+ 32. Kc2 c3 33. Qf6+ Kh7 34. Qg7#  1-0

[Event "1. OEsterreichische Internet Schach Meisterschaft - Vorrunde 2"]
[Site "Online - Playchess.com"]
[Date ""]
[Round "6"]
[Board "89"]
[White "Miazhynski, Michael"]
[Black "Buchner, Martin"]
[Result "1-0"]
[WhiteElo "1827"]
[BlackElo "1777"]
[PlyCount "87"]
[EventDate "2020.04.13"]
[EventRounds "9"]
[EventCountry "AUT"]

1. e4 e6 2. d4 d5 3. exd5 exd5 4. c4 c6 5. Nc3 Nf6 6. Nf3 Bd6 7. h3 O-O 8. cxd5 cxd5
9. Be2 Re8 10. O-O a6 11. Bg5 Be6 12. Re1 Nbd7 13. Bf1 Rc8 14. Qd2 Bb8 15. a3 Qb6
16. Rab1 Bd6 17. b4 Qc7 18. Rbc1 Qb8 19. Na4 h6 20. Bxf6 Nxf6 21. Nc5 Bxc5 22. dxc5
Ne4 23. Qd4 Rcd8 24. Bd3 f5 25. Rcd1 Bf7 26. Nd2 Kh8 27. f3 Nxd2 28. Rxe8+ Rxe8 29.
Rxd2 Qe5 30. Qxe5 Rxe5 31. Kf2 g5 32. Re2 Rxe2+ 33. Bxe2 Kg7 34. Ke3 Kf6 35. f4 Ke6
36. fxg5 hxg5 37. Kd4 Bg6 38. Bf3 g4 39. hxg4 fxg4 40. Bxg4+ Kf6 41. Kxd5 Kg5 42.
Bf3 Bf5 43. Kd6 Kf4 44. Bxb7  1-0

[Event "1. OEsterreichische Internet Schach Meisterschaft - Vorrunde 2"]
[Site "Online - Playchess.com"]
[Date ""]
[Round "6"]
[Board "91"]
[White "Kwech, Gregor"]
[Black "Pasteiner, Gernot"]
[Result "1-0"]
[WhiteElo "1064"]
[BlackElo "1632"]
[PlyCount "65"]
[EventDate "2020.04.13"]
[EventRounds "9"]
[EventCountry "AUT"]

1. c4 e5 2. Nc3 Bb4 3. e3 Nf6 4. a3 Bxc3 5. bxc3 d6 6. d4 Nc6 7. Nf3 e4 8. Nd2 Bd7
9. g3 O-O 10. Bg2 Bg4 11. f3 exf3 12. Nxf3 Re8 13. O-O Ne4 14. Qc2 Na5 15. Qd3 Nb3
16. Rb1 Nxc1 17. Rbxc1 Qd7 18. Nd2 Nf6 19. Bxb7 Rab8 20. Bg2 Qa4 21. Ra1 Re7 22.
h3 Bh5 23. g4 Bg6 24. e4 Rbe8 25. Rfe1 d5 26. cxd5 Nxd5 27. Qg3 Nf4 28. Qxf4 Qc2
29. Rac1 Qd3 30. Bf1 Qxf1+ 31. Qxf1 Bxe4 32. Nxe4 Rxe4 33. Rxe4  1-0

[Event "1. OEsterreichische Internet Schach Meisterschaft - Vorrunde 2"]
[Site "Online - Playchess.com"]
[Date ""]
[Round "6"]
[Board "92"]
[White "Hofer, Martin"]
[Black "Haselsberger, Armin"]
[Result "0-1"]
[WhiteElo "1603"]
[BlackElo "1395"]
[PlyCount "22"]
[EventDate "2020.04.13"]
[EventRounds "9"]
[EventCountry "AUT"]

1. e4 c6 2. d4 d5 3. exd5 cxd5 4. Bb5+ Nc6 5. Nf3 Bf5 6. Ne5 Rc8 7. Qf3 e6 8. Bf4
a6 9. Bd3 Nxd4 10. Qd1 Bxd3 11. Nc3 Nxc2+  0-1